000 00814cam a2200217 i 4500
005 20251231102649.0
008 250721s2011 ua gr 000 0 ara d
020 _a9789774362368
082 1 4 _a219.1
_bر ي س
100 1 _aالريس، محمد الحسينى
_eمؤلف.
245 1 2 _aالقول العفيف في النسب الشريف نسب رسول الله صلى الله عليه وسلم /
_cتأليف محمد الحسيني الريس.
250 _aالطبعة الأولى.
264 3 1 _aالجيزة :
_bمكتبة النافذة،
_c2011.
300 _a360 صفحة.
650 1 7 _aالسيرة النبوية.
650 1 7 _aحياة الرسول.
650 1 7 _aآل البيت.
650 1 7 _aالهجرة النبوية.
942 _2ddc
_cBK
999 _c122648
_d122648